China, 7000 years of discovery (Record no. 10026)
[ view plain ]
| 000 -CABECERA | |
|---|---|
| campo de control de longitud fija | 01462nam a2200253 a 4500 |
| 001 - NÚMERO DE CONTROL | |
| campo de control | BRL_1214 |
| 005 - FECHA Y HORA DE LA ÚLTIMA TRANSACCIÓN | |
| campo de control | 20190320211104.0 |
| 008 - DATOS DE LONGITUD FIJA--INFORMACIÓN GENERAL | |
| campo de control de longitud fija | 291113s1982----cn-a######---#000-0#eng-# |
| 020 ## - NÚMERO INTERNACIONAL ESTÁNDAR DEL LIBRO | |
| Número Internacional Estándar del Libro | 0774369930 |
| 041 ## - CÓDIGO DE LENGUA | |
| Código de lengua del texto/banda sonora o título independiente | eng |
| 044 ## - CÓDIGO DEL PAÍS DE LA ENTIDAD EDITORA/PRODUCTORA | |
| Código MARC del país | cn |
| 050 #4 - SIGNATURA TOPOGRÁFICA DE LA BIBLIOTECA DEL CONGRESO | |
| Número de clasificación | T27.C5 |
| Número de documento/Ítem | .C45 1982 |
| 245 10 - MENCIÓN DE TÍTULO | |
| Título | China, 7000 years of discovery |
| Mención de responsabilidad, etc. | Written and edited by China Science and Technology Palace Preparatory Committee and the Ontario Science Centre ; Consulting Writter: Richard Longley. |
| 260 ## - PUBLICACIÓN, DISTRIBUCIÓN, ETC. | |
| Lugar de publicación, distribución, etc. | Ontario, Canadá |
| Nombre del editor, distribuidor, etc. | China Science and Technology Palace Preparatory Committee : Ontario Science Centre |
| Fecha de publicación, distribución, etc. | 1982 |
| 300 ## - DESCRIPCIÓN FÍSICA | |
| Extensión | 64 p. |
| Otras características físicas | il. (algunas a color) |
| Dimensiones | 25 cm. |
| Material acompañante/anejo | incluye un tríptico y una guía |
| 500 ## - NOTA GENERAL | |
| Nota general | Au1392 |
| 500 ## - NOTA GENERAL | |
| Nota general | A especial exhibition produced by the China Science and Technology Museum in cooperation with the Ontario Science Centre, Toronto (May 1 to October 31,1982), Museum of Science and Industry, Chicago (June 1 to October 2, 1983), Pacific Science Center, Seatle (March 1 to August 31, 1984), High Museum of Art, Atlanta (November 19, 1984 to february 24, 1985), Museum of Science, Boston (June 1 to December 1, 1985) Southwest Museum of Science and Technology, Dallas (June 15 to December 15, 1986) |
| 650 14 - PUNTO DE ACCESO ADICIONAL DE MATERIA--TÉRMINO DE MATERIA | |
| Término de materia o nombre geográfico como elemento de entrada | Tecnología |
| Subdivisión general | Historia |
| Subdivisión geográfica | China |
| 9 (RLIN) | 26144 |
| 700 1# - PUNTO DE ACCESO ADICIONAL--NOMBRE DE PERSONA | |
| Nombre de persona | Longley, Richard |
| 9 (RLIN) | 26145 |
| 710 2# - PUNTO DE ACCESO ADICIONAL--NOMBRE DE ENTIDAD CORPORATIVA | |
| Nombre de entidad corporativa o nombre de jurisdicción como elemento de entrada | China Science and Technology Palace Preparatory Committee |
| 9 (RLIN) | 26146 |
| 710 2# - PUNTO DE ACCESO ADICIONAL--NOMBRE DE ENTIDAD CORPORATIVA | |
| Nombre de entidad corporativa o nombre de jurisdicción como elemento de entrada | Ontario Science Centre |
| 9 (RLIN) | 26147 |
| 902 ## - CATALOGADOR | |
| Iniciales | GRL |
| 942 ## - ELEMENTOS DE PUNTO DE ACCESO ADICIONAL (KOHA) | |
| Fuente del sistema de clasificación o colocación | Library of Congress Classification |
| Tipo de ítem Koha | Libros |
| Estado de retiro | Estado de pérdida | Estado dañado | No para préstamo | Localización permanente | Ubicación/localización actual | Fecha de adquisición | Número de inventario | Total de préstamos | Signatura topográfica completa | Código de barras | Fecha visto por última vez | Precio válido a partir de | Tipo de ítem Koha |
|---|---|---|---|---|---|---|---|---|---|---|---|---|---|
| El ejemplar forma parte de la colección y puede ser consultado según las políticas vigentes. | Biblioteca Centro de Estudios Ruth D. Lechuga | Biblioteca Centro de Estudios Ruth D. Lechuga | 29/11/2013 | Au1392 | T27.C5 .C45 1982 (Au1392) | GRL01331 | 22/03/2019 | 22/03/2019 | Libros |